00402nam a2200121 a 45000010005000000030005000050050017000100080041000270400026000681000019000942450145001132600022002581056CDMR20130916105332.0130130s1996||||||||||||||||||||||||||||d aCDMRbcatcCPC GIRONA1 aBohigas, Oriol13aEl present des del futur b: epistolari públic (1994-1995) : cartes obertes d'un gran polemista sobre política i cultura cOriol Bohigas c1996bEdicions 62